[Event "35. DSenEM 65+"]
[Site "Bad Wildungen"]
[Date "2023.07.17"]
[Round "1.1"]
[White "Kube, Hannelore"]
[Black "Brueggemann, Joachim"]
[Result "0-1"]
[WhiteElo "1916"]
[BlackElo "2287"]
[PlyCount "64"]
[EventDate "2023.??.??"]
[WhiteTeam "SV Medizin Erfurt"]
[BlackTeam "Erfurter Schachklub"]

1. c4 e5 2. Nc3 Nc6 3. g3 d6 4. Bg2 Be6 5. d3 Qd7 6. e3 Nge7 7. Nd5 Nd8 8. e4 c6 9. Nxe7 Bxe7 10. Nf3 O-O 11. Be3 f5 12. Qd2 fxe4 13. dxe4 Bg4 14. Qe2 Qe8 15. h3 Bh5 16. g4 Bg6 17. Nd2 Ne6 18. O-O a6 19. Rac1 Rd8 20. Rfd1 h5 21. Nf1 hxg4 22. hxg4 Bh4 23. Nh2 Nf4 24. Bxf4 Rxf4 25. f3 Bf7 26. Nf1 g6 27. Ne3 Bg5 28. Rc3 Be6 29. b3 Rf7 30. Rcd3 Rfd7 31. Bf1 Qf8 32. Ng2 Qh6 0-1

[Event "35. DSenEM 65+"]
[Site "Bad Wildungen"]
[Date "2023.07.17"]
[Round "1.2"]
[White "Podat, Vladimir"]
[Black "Plewka, Manfred"]
[Result "1-0"]
[WhiteElo "2265"]
[BlackElo "1915"]
[PlyCount "93"]
[EventDate "2023.??.??"]
[WhiteTeam "SC Untergrombach 46"]
[BlackTeam "SV VHS Rendsburg"]

1. d4 d5 2. c4 c6 3. cxd5 cxd5 4. Nc3 Bf5 5. Bf4 Nc6 6. e3 e6 7. Qb3 Qb6 8. Qxb6 axb6 9. Bb5 Bb4 10. Nge2 Ra5 11. O-O Nge7 12. a3 Bxc3 13. Nxc3 O-O 14. Bc7 Nc8 15. Rfc1 f6 16. b4 Ra8 17. Na4 N8a7 18. Bf1 b5 19. Nc3 Rf7 20. Bg3 g5 21. Nxb5 h5 22. h3 h4 23. Bh2 g4 24. Nd6 Rd7 25. Nxf5 exf5 26. Bd3 Ne7 27. Rc3 Kf7 28. Rac1 Ke6 29. Rc7 Rad8 30. Rxd7 Rxd7 31. b5 b6 32. Be2 gxh3 33. gxh3 Nac8 34. Bc7 Ng8 35. Rc6+ Nd6 36. Bxb6 Ne7 37. Rc7 Rxc7 38. Bxc7 Nc4 39. a4 Kd7 40. Bf4 Nc8 41. Kf1 N8b6 42. Bxc4 Nxc4 43. Ke2 Kd8 44. f3 Kd7 45. Bh2 Kd8 46. Bg1 Kc7 47. Bf2 1-0

[Event "35. DSenEM 65+"]
[Site "Bad Wildungen"]
[Date "2023.07.17"]
[Round "1.3"]
[White "Rache, Ralf"]
[Black "Schmidt, Bodo"]
[Result "0-1"]
[WhiteElo "1910"]
[BlackElo "2262"]
[PlyCount "82"]
[EventDate "2023.??.??"]
[WhiteTeam "Aachener Schachverein 1856 e. V."]
[BlackTeam "SC 1919 Siegburg e. V."]

1. e4 e6 2. d4 d5 3. Nc3 Bb4 4. e5 c5 5. a3 Bxc3+ 6. bxc3 Qc7 7. Qg4 f5 8. Qg3 Nc6 9. Bb5 cxd4 10. Bxc6+ bxc6 11. cxd4 Ba6 12. Rb1 Kf7 13. Ne2 Ne7 14. Qc3 Rab8 15. Rxb8 Rxb8 16. Nf4 c5 17. Qxc5 Qxc5 18. dxc5 Nc6 19. Nd3 Bxd3 20. cxd3 Nxe5 21. Kd2 d4 22. Kc2 Rb5 23. Bb2 Rxc5+ 24. Kd2 Nc6 25. f4 Ke7 26. Ba1 Ra5 27. Bb2 Rb5 28. Kc2 Kd6 29. Re1 Kd5 30. Bc1 h6 31. Bd2 Rb7 32. g3 Rc7 33. Kb2 e5 34. fxe5 g5 35. e6 Ne5 36. Kb3 Re7 37. Bb4 Rxe6 38. Kc2 Rc6+ 39. Kd1 Nxd3 40. Re8 Nxb4 41. axb4 Rb6 0-1

[Event "35. DSenEM 65+"]
[Site "Bad Wildungen"]
[Date "2023.07.17"]
[Round "1.4"]
[White "Juhnke, Juergen"]
[Black "Mann, Klaus-Dieter"]
[Result "1-0"]
[WhiteElo "2253"]
[BlackElo "1908"]
[PlyCount "65"]
[EventDate "2023.??.??"]
[WhiteTeam "HSK Lister Turm"]
[BlackTeam "SV Osnabrueck von 1919"]

1. e4 c5 2. Nf3 d6 3. d4 cxd4 4. Nxd4 Nf6 5. Nc3 a6 6. Bc4 e5 7. Nf5 Qc7 8. Bb3 Nbd7 9. Bg5 h6 10. Bh4 g5 11. Bg3 Nc5 12. Qf3 Nxb3 13. axb3 Bxf5 14. Qxf5 Be7 15. O-O-O Rc8 16. Kb1 Qd7 17. Qf3 Qe6 18. Qe3 Rc7 19. f3 Kf8 20. Bf2 Kg7 21. g4 Rhc8 22. Rd2 b5 23. h4 Nh7 24. Nd5 Rc6 25. Qd3 Ra8 26. Ne3 Bf8 27. Nf5+ Kg8 28. Be3 Rd8 29. Rdh2 Bg7 30. hxg5 Nxg5 31. Nxh6+ Bxh6 32. Rxh6 Qe7 33. Bxg5 1-0

[Event "35. DSenEM 65+"]
[Site "Bad Wildungen"]
[Date "2023.07.17"]
[Round "1.5"]
[White "Seidel, Arnold"]
[Black "Pruefer, Friedbert"]
[Result "0-1"]
[WhiteElo "1906"]
[BlackElo "2235"]
[PlyCount "64"]
[EventDate "2023.??.??"]
[WhiteTeam "SV Kali Wolmirstedt"]
[BlackTeam "TSG 1861 Taucha"]

1. e4 d5 2. exd5 Qxd5 3. Nf3 Bg4 4. Be2 Nc6 5. d4 O-O-O 6. c4 Qf5 7. Be3 Bxf3 8. Bxf3 Nxd4 9. Bxd4 Qe6+ 10. Qe2 Qxe2+ 11. Bxe2 Rxd4 12. O-O Nf6 13. Nc3 e6 14. Rfd1 Rxd1+ 15. Rxd1 Bb4 16. Na4 Be7 17. Bf3 c6 18. g3 g5 19. Bg2 Nd7 20. Nc3 Ne5 21. Kf1 h5 22. Ke2 f5 23. Kf1 Ng6 24. Ne2 e5 25. Ng1 Kc7 26. Ke2 Bc5 27. Kf1 h4 28. Ne2 h3 29. Bh1 e4 30. Nc3 Rd8 31. Ke2 Rxd1 32. Nxd1 Bd4 0-1

[Event "35. DSenEM 65+"]
[Site "Bad Wildungen"]
[Date "2023.07.17"]
[Round "1.6"]
[White "Schulz, Michael"]
[Black "Wolff, Stefan"]
[Result "1-0"]
[WhiteElo "2229"]
[BlackElo "1906"]
[PlyCount "67"]
[EventDate "2023.??.??"]
[WhiteTeam "SC Zitadelle Spandau 1977 e.V."]
[BlackTeam "SchVgg Blankenese von 1923 e.V."]

1. d4 Nf6 2. Bg5 c6 3. Bxf6 gxf6 4. e3 d5 5. Nc3 Bf5 6. Bd3 Bxd3 7. Qxd3 Nd7 8. e4 dxe4 9. Qxe4 Nb6 10. O-O-O e6 11. f4 f5 12. Qe2 Qd6 13. g3 O-O-O 14. Nf3 Bg7 15. Ne5 Bxe5 16. dxe5 Qe7 17. Rxd8+ Rxd8 18. Rd1 Rxd1+ 19. Nxd1 f6 20. b3 fxe5 21. Qxe5 Nd7 22. Qd4 a6 23. Ne3 Qc5 24. Qh8+ Kc7 25. Kd2 Qe7 26. Ke2 b5 27. Qa8 Kb6 28. a4 Qd6 29. b4 c5 30. axb5 Kxb5 31. Qb7+ Nb6 32. bxc5 Qxc5 33. Qxh7 Nd5 34. c4+ 1-0

[Event "35. DSenEM 65+"]
[Site "Bad Wildungen"]
[Date "2023.07.17"]
[Round "1.7"]
[White "Haelsig, Guenter"]
[Black "Clemens, Christian"]
[Result "1/2-1/2"]
[WhiteElo "1894"]
[BlackElo "2225"]
[PlyCount "47"]
[EventDate "2023.??.??"]
[WhiteTeam "USV Potsdam e.V., Abt. Schach"]
[BlackTeam "SC Braunschweig Gliesmarode 1869"]

1. Nf3 f5 2. d4 Nf6 3. Bg5 e6 4. Nc3 d5 5. Bxf6 Qxf6 6. a3 c6 7. Qd2 Bd6 8. g3 O-O 9. e3 Nd7 10. Bg2 e5 11. dxe5 Nxe5 12. Nd4 Kh8 13. b3 Qe7 14. b4 a5 15. b5 Bd7 16. a4 Bb4 17. O-O Qc5 18. Nde2 cxb5 19. Qxd5 Rac8 20. Qxc5 Rxc5 21. Nd5 Rxc2 22. Nd4 Rc5 23. Nxb4 axb4 24. axb5 1/2-1/2

[Event "35. DSenEM 65+"]
[Site "Bad Wildungen"]
[Date "2023.07.17"]
[Round "1.8"]
[White "Polster, Wolfgang"]
[Black "Zimmermann, Manfred"]
[Result "0-1"]
[WhiteElo "2223"]
[BlackElo "1888"]
[PlyCount "112"]
[EventDate "2023.??.??"]
[WhiteTeam "SV 03/25 Koblenz"]
[BlackTeam "Kieler Schachgesellschaft v.1884"]

{[%evp 0,44,28,23,23,15,22,-15,16,12,16,15,42,28,65,57,51,39,41,17,105,-2,68,27,54,51,34,18,14,9,18,20,31,7,43,24,19,23,22,6,10,1,1,0,0,-53,-65]} 1. d4 d5 2. Nf3 Nf6 3. Bg5 e6 4. e3 Be7 5. Bd3 Nbd7 6. Nbd2 c6 7. O-O b6 8. c4 O-O 9. Ne5 Nxe5 10. dxe5 Ne8 11. Bf4 g6 12. Rc1 Bb7 13. Qb3 Ng7 14. Nf3 c5 15. Rfd1 Qc7 16. cxd5 Bxd5 17. Bc4 Bxf3 18. gxf3 Rfd8 19. Qc3 Rxd1+ 20. Rxd1 Rd8 21. Rxd8+ Qxd8 22. e4 Nh5 23. Be3 Bg5 24. Qd3 Qxd3 25. Bxd3 Bf4 26. Bxf4 Nxf4 27. Bb5 g5 28. Kf1 Kf8 29. Ke1 Ng6 30. Kd2 Nxe5 31. Ke3 Ng6 32. Kd2 Ke7 33. Ke3 f6 34. Bc4 h6 35. Bb5 Kd6 36. a4 Ke5 37. Bc4 f5 38. Bb3 Ne7 39. Kd3 Nc6 40. Bd1 Nd4 41. exf5 exf5 42. Kc3 Nc6 43. Kc4 a6 44. Bc2 Nd4 45. Bd1 Nc6 46. Bc2 Na5+ 47. Kc3 b5 48. Kd3 Nc6 49. Kc3 Nd4 50. Bd1 Kd5 51. b3 b4+ 52. Kd3 a5 53. f4 g4 54. f3 h5 55. fxg4 hxg4 56. Ke3 c4 0-1

[Event "35. DSenEM 65+"]
[Site "Bad Wildungen"]
[Date "2023.07.17"]
[Round "1.9"]
[White "Schwarz, Hans"]
[Black "Buchal, Stephan"]
[Result "0-1"]
[WhiteElo "1855"]
[BlackElo "2211"]
[PlyCount "60"]
[EventDate "2023.??.??"]
[WhiteTeam "SV Rochade Magdeburg 96"]
[BlackTeam "SAbt SV Werder Bremen"]

1. e4 g6 2. Nc3 Bg7 3. f4 c6 4. Nf3 d5 5. e5 Nh6 6. d4 f6 7. Bd3 Bg4 8. O-O O-O 9. Qe1 Bxf3 10. Rxf3 fxe5 11. dxe5 Nd7 12. Qh4 e6 13. Qh3 Nf5 14. g4 Nh4 15. Rf2 g5 16. Bxh7+ Kxh7 17. fxg5 Kg8 18. Qxh4 Nxe5 19. Rxf8+ Qxf8 20. Qg3 Qb4 21. Bf4 Nc4 22. Re1 Qxb2 23. Ne2 e5 24. Bc1 Qxc2 25. h4 Rf8 26. h5 Qe4 27. g6 Rf3 28. Qh4 Bf6 29. Bg5 Ne3 30. Bxf6 Rf1+ 0-1

[Event "35. DSenEM 65+"]
[Site "Bad Wildungen"]
[Date "2023.07.17"]
[Round "1.10"]
[White "Heinig, Wolfram"]
[Black "Fleischer, Matthias"]
[Result "1-0"]
[WhiteElo "2217"]
[BlackElo "1849"]
[PlyCount "55"]
[EventDate "2023.??.??"]
[WhiteTeam "SK Zehlendorf e.V."]
[BlackTeam "SF Schwerin"]

1. d4 Nf6 2. Bg5 g6 3. Bxf6 exf6 4. c4 Bg7 5. Nc3 O-O 6. e3 c6 7. Nge2 d5 8. cxd5 cxd5 9. g3 Nc6 10. Bg2 Ne7 11. Qb3 Be6 12. O-O Qd7 13. Nf4 Rfd8 14. Rfc1 a6 15. Na4 Qb5 16. Rc7 Qxb3 17. axb3 Nf5 18. Nc5 Re8 19. Rxb7 a5 20. Nxd5 Rad8 21. Nc7 Re7 22. N7xe6 fxe6 23. Rxe7 Nxe7 24. Nxe6 Rb8 25. Nc5 Rb5 26. Bf1 Rb8 27. Bc4+ Kh8 28. Rxa5 1-0

[Event "35. DSenEM 65+"]
[Site "Bad Wildungen"]
[Date "2023.07.17"]
[Round "1.11"]
[White "Launert, Martin"]
[Black "Rahls, Peter"]
[Result "0-1"]
[WhiteElo "1849"]
[BlackElo "2214"]
[PlyCount "60"]
[EventDate "2023.??.??"]
[WhiteTeam "Sfr. Erbach"]
[BlackTeam "SK Zehlendorf e.V."]

1. e4 c5 2. Nf3 e6 3. d4 cxd4 4. Nxd4 Nf6 5. Nc3 d6 6. Be3 a6 7. Be2 Be7 8. Qd2 b5 9. f3 Bb7 10. a3 O-O 11. O-O Nbd7 12. Bf2 d5 13. exd5 Nxd5 14. Nxd5 Bxd5 15. Rfd1 Rc8 16. Bd3 Ne5 17. Ne2 Bf6 18. Nc3 Bxf3 19. Bxh7+ Kxh7 20. Qxd8 Rfxd8 21. gxf3 Nxf3+ 22. Kg2 Bxc3 23. Rxd8 Rxd8 24. bxc3 Ng5 25. Be3 Ne4 26. a4 Rc8 27. axb5 axb5 28. Bd4 f6 29. Re1 Nxc3 30. Rxe6 Nd5 0-1

[Event "35. DSenEM 65+"]
[Site "Bad Wildungen"]
[Date "2023.07.17"]
[Round "1.12"]
[White "Ackermann, Hans Werner"]
[Black "Blosze, Winfried"]
[Result "1-0"]
[WhiteElo "2191"]
[BlackElo "1845"]
[PlyCount "35"]
[EventDate "2023.??.??"]
[WhiteTeam "Hammer Sportclub 2008 e. V."]
[BlackTeam "SV Koenigsspr. 1929 Grossauheim"]

1. Nf3 d5 2. c4 c6 3. e3 Nf6 4. Nc3 Nbd7 5. d4 e6 6. Bd3 dxc4 7. Bxc4 Be7 8. O-O O-O 9. Qe2 Qa5 10. Bd2 Qh5 11. e4 b5 12. Bd3 Bb7 13. e5 Nd5 14. Ne4 Rfd8 15. Ng3 Qg4 16. h3 Nf4 17. hxg4 Nxe2+ 18. Bxe2 1-0

[Event "35. DSenEM 65+"]
[Site "Bad Wildungen"]
[Date "2023.07.17"]
[Round "1.13"]
[White "Dierkes, Heinrich"]
[Black "Koehler, Gerhard"]
[Result "1/2-1/2"]
[WhiteElo "1786"]
[BlackElo "2185"]
[PlyCount "127"]
[EventDate "2023.??.??"]
[WhiteTeam "SK Koenigsspringer Wewelsburg"]
[BlackTeam "USV Halle"]

1. e3 d5 2. d4 Nf6 3. f4 Bf5 4. Nf3 e6 5. Nbd2 Be7 6. Ne5 Nbd7 7. Ndf3 Ne4 8. Nxd7 Qxd7 9. Bd3 f6 10. Nh4 O-O-O 11. g4 Bg6 12. Nxg6 hxg6 13. Qf3 f5 14. g5 Rh5 15. Qg2 Rdh8 16. Bd2 Qa4 17. c3 Rh4 18. h3 Kb8 19. Ke2 c5 20. Be1 R4h5 21. Kf1 Bd6 22. h4 Rc8 23. Qe2 Qd7 24. a3 Qc7 25. Rh2 Be7 26. Kg1 Nd6 27. b4 cxd4 28. cxd4 Qd7 29. Kg2 Qa4 30. Qa2 Rhh8 31. Kf3 Ne4 32. Qb2 Qd7 33. a4 Nd6 34. b5 Nc4 35. Qb3 Rhd8 36. Rc2 Nd6 37. Rac1 Ne4 38. Ba5 Rxc2 39. Qxc2 Rc8 40. Qxc8+ Qxc8 41. Rxc8+ Kxc8 42. Be1 Kd7 43. Ke2 Ba3 44. Kd1 Nd6 45. Kc2 Ne4 46. Bd2 Nxd2 47. Kxd2 Bb4+ 48. Kd1 Kc7 49. Be2 Kd7 50. h5 Ke7 51. hxg6 Kd7 52. Kc2 Kc7 53. Kd3 Kb6 54. Bd1 Ka5 55. Bc2 Bd6 56. Bd1 Kb4 57. Bc2 b6 58. Bd1 Ka3 59. Bc2 Kb2 60. Bd1 Bb4 61. Bc2 Be1 62. Bd1 Bf2 63. Bf3 Kb3 64. Bd1+ 1/2-1/2

[Event "35. DSenEM 65+"]
[Site "Bad Wildungen"]
[Date "2023.07.17"]
[Round "1.14"]
[White "Hartstock, Elmar"]
[Black "Salov, Sergej"]
[Result "0-1"]
[WhiteElo "1831"]
[BlackElo "2162"]
[PlyCount "80"]
[EventDate "2023.??.??"]
[WhiteTeam "SC Ansbach 1855 e.V."]
[BlackTeam "Luebecker SV von 1873"]

1. c4 e5 2. Nc3 Nc6 3. g3 Bc5 4. Bg2 d6 5. e3 a6 6. Nge2 Ba7 7. d4 exd4 8. exd4 Nge7 9. O-O O-O 10. b3 Nf5 11. d5 Ne5 12. Kh1 Bd7 13. Ne4 b5 14. Bb2 Re8 15. Rc1 bxc4 16. bxc4 Rb8 17. Ba3 Ng4 18. c5 Bb5 19. Qd2 Nf6 20. Nxf6+ Qxf6 21. Rfe1 Bxc5 22. Bxc5 dxc5 23. Bf1 Nd6 24. Nc3 Bxf1 25. Rxf1 Qf3+ 26. Kg1 h6 27. Rfe1 Nc4 28. Rxe8+ Rxe8 29. Qc2 Nd6 30. Rb1 c4 31. a4 Nf5 32. Qd2 h5 33. h4 Nxg3 34. fxg3 Qxg3+ 35. Kf1 Re5 36. Rb8+ Kh7 37. Qc2+ g6 38. Ne4 Rf5+ 39. Nf2 Qxh4 40. Qc3 Qxf2# 0-1

[Event "35. DSenEM 65+"]
[Site "Bad Wildungen"]
[Date "2023.07.17"]
[Round "1.15"]
[White "Gruzmann, Boris"]
[Black "Hilbig, Dieter"]
[Result "1/2-1/2"]
[WhiteElo "2162"]
[BlackElo "1830"]
[PlyCount "60"]
[EventDate "2023.??.??"]
[WhiteTeam "Luebecker SV von 1873"]
[BlackTeam "ESV Gera"]

1. e4 c5 2. Nf3 Nc6 3. d4 cxd4 4. Nxd4 e5 5. Nb5 d6 6. N1c3 a6 7. Na3 Be6 8. Nc4 b5 9. Ne3 Nf6 10. Bd3 Nb4 11. O-O Nxd3 12. Qxd3 Be7 13. Ned5 Nxd5 14. Nxd5 Bxd5 15. Qxd5 O-O 16. Bd2 Qb6 17. Be3 Qc7 18. a4 bxa4 19. Rxa4 Qxc2 20. Rc1 Qxb2 21. Rc7 Rae8 22. Rb7 Qe2 23. h3 Qh5 24. Ra1 Bg5 25. Bxg5 Qxg5 26. g3 Qf6 27. Rxa6 Qf3 28. Rb3 Qe2 29. Qd3 Qxd3 30. Rxd3 Rd8 1/2-1/2

[Event "35. DSenEM 65+"]
[Site "Bad Wildungen"]
[Date "2023.07.17"]
[Round "1.16"]
[White "Zilch, Lothar"]
[Black "Hassenrueck, Helmut"]
[Result "0-1"]
[WhiteElo "1825"]
[BlackElo "2162"]
[PlyCount "106"]
[EventDate "2023.??.??"]
[WhiteTeam "SV Alsfeld"]
[BlackTeam "Schachgesellschaft-Gladbeck 19/2"]

1. d4 Nf6 2. Nf3 e6 3. Bf4 b6 4. e3 Bb7 5. Nbd2 d6 6. Be2 Nbd7 7. h3 g6 8. O-O Bg7 9. Rc1 O-O 10. c4 Qe7 11. b4 e5 12. Bh2 e4 13. Ne1 c5 14. Nc2 Ne8 15. Nb3 f5 16. Qd2 g5 17. Rcd1 cxb4 18. Nxb4 a5 19. Nc2 a4 20. Nba1 Kh8 21. Nb4 Bh6 22. Nac2 f4 23. f3 fxe3 24. Qxe3 Nef6 25. Qa3 exf3 26. Bxf3 Bxf3 27. Rxf3 g4 28. Re1 Qg7 29. Rff1 Rg8 30. Bxd6 Rae8 31. Qg3 Ne4 32. Qxg4 Qxg4 33. Be5+ Nxe5 34. hxg4 Nxc4 35. Nd5 Rxg4 36. Rxe4 Rgxe4 37. Nf6 Re2 38. Nxe8 Rxe8 39. Rf6 Kg7 40. Rc6 b5 41. Rc5 Rb8 42. Rc7+ Kg6 43. Rc6+ Kh5 44. Rc7 Ne3 45. Rc5+ Kg4 46. Ne1 Nf5 47. Nf3 Be3+ 48. Kf1 Nxd4 49. Nh2+ Kg3 50. Rh5 b4 51. Rh3+ Kf4 52. Ke1 b3 53. axb3 axb3 0-1

[Event "35. DSenEM 65+"]
[Site "Bad Wildungen"]
[Date "2023.07.17"]
[Round "1.17"]
[White "Dolezal, Hans-Peter"]
[Black "Schumacher, Gottfried"]
[Result "1-0"]
[WhiteElo "1815"]
[BlackElo "2147"]
[PlyCount "159"]
[EventDate "2023.??.??"]
[WhiteTeam "FC Bayern Muenchen e.V."]
[BlackTeam "Bad Neuenahr"]

1. e4 c5 2. Nf3 e6 3. d4 cxd4 4. Nxd4 Nc6 5. Nxc6 bxc6 6. Bd3 Rb8 7. O-O d5 8. exd5 cxd5 9. b3 Nf6 10. Bb2 a5 11. a3 Be7 12. Nd2 O-O 13. Nf3 Bb7 14. Qe2 Nd7 15. Rfd1 Bf6 16. Bxf6 Qxf6 17. Rab1 Rfc8 18. c4 dxc4 19. Bxc4 Bxf3 20. Qxf3 Qxf3 21. gxf3 Ne5 22. Be2 g5 23. b4 Rc3 24. bxa5 Rxb1 25. Rxb1 Rxa3 26. Rb5 f6 27. a6 Kg7 28. Rb6 Kf7 29. Rb7+ Kg6 30. Rb8 h5 31. Kg2 h4 32. h3 Kf5 33. Rb6 Ng6 34. Bc4 Nf4+ 35. Kh2 Ke5 36. Rb3 Ra1 37. Rb2 Kd6 38. Ra2 Rxa2 39. Bxa2 Kc7 40. Bc4 Kb6 41. Bf1 Nd5 42. Bc4 Nc7 43. Kg2 e5 44. Kf1 Nxa6 45. Be6 Kc5 46. Ke2 Kd4 47. Bf5 Nc5 48. Bc8 e4 49. Bf5 Ke5 50. fxe4 Nxe4 51. Bc8 Kf4 52. Kf1 f5 53. Kg2 Nd6 54. Bd7 g4 55. Be6 Ne8 56. Bd7 Nc7 57. Bc8 Kg5 58. Bd7 Nd5 59. hxg4 fxg4 60. Kh2 Kf4 61. Bc8 Nc3 62. Bb7 Ne4 63. Kg2 Ng5 64. Kh2 Nf3+ 65. Kg2 h3+ 66. Kh1 Ke5 67. Bxf3 gxf3 68. Kh2 Ke4 69. Kxh3 Kd3 70. Kg4 Ke4 71. Kg3 Ke5 72. Kxf3 Kf5 73. Ke3 Ke5 74. f3 Ke6 75. Ke4 Kf6 76. Kf4 Kf7 77. Kf5 Ke7 78. Kg6 Ke6 79. f4 Ke7 80. f5 1-0

[Event "35. DSenEM 65+"]
[Site "Bad Wildungen"]
[Date "2023.07.17"]
[Round "1.18"]
[White "Krueger, Erich"]
[Black "Lekakh, Mikhail"]
[Result "1-0"]
[WhiteElo "2146"]
[BlackElo "1804"]
[PlyCount "87"]
[EventDate "2023.??.??"]
[WhiteTeam "Schachfreunde Essen-Katernberg"]
[BlackTeam "Oberbilker Schachverein 1960"]

1. d4 Nf6 2. c4 e6 3. Nc3 d5 4. cxd5 exd5 5. Bg5 Be7 6. e3 c6 7. Qc2 Nbd7 8. Bd3 Nf8 9. Nf3 Bd6 10. O-O Ng6 11. e4 dxe4 12. Nxe4 Be7 13. Nxf6+ Bxf6 14. Rfe1+ Be6 15. Rxe6+ fxe6 16. Bxg6+ hxg6 17. Qxg6+ Kd7 18. Ne5+ Kc7 19. Nf7 Qe7 20. Bf4+ Kb6 21. Nxh8 Rxh8 22. Qd3 Qb4 23. a3 Qb5 24. Qc3 a5 25. b4 a4 26. Qc5+ Qxc5 27. dxc5+ Kb5 28. Rd1 Rh4 29. g3 Rh5 30. Rd7 Ka6 31. Rd6 Rd5 32. h4 e5 33. Bc1 Be7 34. Rxd5 cxd5 35. h5 Kb5 36. g4 Kc4 37. g5 Kb3 38. g6 Bf8 39. b5 Bxc5 40. h6 gxh6 41. g7 Kc2 42. Bxh6 Bxa3 43. g8=Q Bc5 44. Qxd5 1-0

[Event "35. DSenEM 65+"]
[Site "Bad Wildungen"]
[Date "2023.07.17"]
[Round "1.19"]
[White "Andrijenko, Anatoliy"]
[Black "Kyas, Juergen"]
[Result "0-1"]
[WhiteElo "1803"]
[BlackElo "2139"]
[PlyCount "76"]
[EventDate "2023.??.??"]
[WhiteTeam "SF Koeln-Longerich 1956"]
[BlackTeam "SV Eiche Reichenbrand"]

1. e4 c5 2. Nf3 g6 3. c3 Bg7 4. Bc4 d6 5. d3 Nf6 6. Bg5 O-O 7. Nbd2 Nc6 8. a4 a6 9. O-O Rb8 10. Qc2 b5 11. axb5 axb5 12. Bxf6 Bxf6 13. Bd5 Qc7 14. Rfc1 Bb7 15. h4 e6 16. Bb3 Qe7 17. g3 h5 18. Re1 Kg7 19. Nf1 Qd7 20. Ne3 Rfd8 21. Qe2 Rh8 22. Ng2 b4 23. Ba4 bxc3 24. b3 Qc7 25. Rac1 Nd4 26. Nxd4 cxd4 27. Nf4 Bc6 28. Qf3 Bxa4 29. bxa4 Qa5 30. Nh3 Rb4 31. Qe2 Rb2 32. Qf1 Rc8 33. f4 Rc5 34. e5 dxe5 35. fxe5 Rxe5 36. Rxe5 Qxe5 37. Qf4 Qe2 38. Qf2 Qxd3 0-1

[Event "35. DSenEM 65+"]
[Site "Bad Wildungen"]
[Date "2023.07.17"]
[Round "1.20"]
[White "Babrikowski, Peter"]
[Black "Josting, Friedel"]
[Result "1-0"]
[WhiteElo "2127"]
[BlackElo "1795"]
[PlyCount "79"]
[EventDate "2023.??.??"]
[WhiteTeam "SV Schott Jena"]
[BlackTeam "Schachgemeinschaft Buende 1945"]

1. e4 c5 2. c3 d5 3. exd5 Qxd5 4. d4 Nf6 5. Nf3 e6 6. Be2 Be7 7. c4 Qd8 8. Nc3 O-O 9. O-O a6 10. Bf4 Bd6 11. Bxd6 Qxd6 12. Na4 cxd4 13. c5 Qe7 14. Qxd4 Nc6 15. Qh4 e5 16. Rfe1 Rd8 17. Bc4 h6 18. Nxe5 Nxe5 19. f4 Rd4 20. b3 Bd7 21. Qf2 Re4 22. fxe5 Qxe5 23. Rxe4 Qxe4 24. Re1 Qc6 25. Re7 Be6 26. Bxe6 fxe6 27. Qg3 Nh5 28. Qe5 Re8 29. Rc7 Qd5 30. Qxd5 exd5 31. Rxb7 Nf4 32. Rd7 d4 33. g3 Ne2+ 34. Kf2 Nc1 35. Rxd4 Re2+ 36. Kf3 Rxa2 37. c6 Nxb3 38. Rd8+ Kf7 39. c7 Rc2 40. c8=Q 1-0

[Event "35. DSenEM 65+"]
[Site "Bad Wildungen"]
[Date "2023.07.17"]
[Round "1.21"]
[White "Meinke, Dietlind"]
[Black "Partenheimer, Axel"]
[Result "0-1"]
[WhiteElo "1793"]
[BlackElo "2123"]
[PlyCount "49"]
[EventDate "2023.??.??"]
[WhiteTeam "MTV Leck von 1889"]
[BlackTeam "Duesseldorfer Schachklub 14/25 e"]

1. d4 d5 2. Bf4 c5 3. e3 Nc6 4. c3 e6 5. Nf3 Bd6 6. Bg3 Nge7 7. Nbd2 Nf5 8. Bb5 Nxg3 9. hxg3 Qb6 10. Bxc6+ bxc6 11. dxc5 Bxc5 12. Nb3 Be7 13. Qd4 Bf6 14. Qxb6 axb6 15. Nbd4 Bd7 16. O-O c5 17. Nc2 O-O 18. Rfd1 Bc6 19. a3 Rfb8 20. Rac1 Ba4 21. Rd2 h5 22. Re1 Rd8 23. e4 dxe4 24. Rxe4 Rxd2 25. Nxd2 0-1

[Event "35. DSenEM 65+"]
[Site "Bad Wildungen"]
[Date "2023.07.17"]
[Round "1.22"]
[White "Knaak, Joachim"]
[Black "Nemoj, Ilja"]
[Result "1-0"]
[WhiteElo "2121"]
[BlackElo "1792"]
[PlyCount "47"]
[EventDate "2023.??.??"]
[WhiteTeam "SV Dresden-Leuben"]
[BlackTeam "Schachverein Horst-Emscher 31"]

1. d4 d6 2. c4 e6 3. Nc3 Nf6 4. e4 Be7 5. Nf3 c6 6. Bd3 Na6 7. a3 c5 8. e5 dxe5 9. dxe5 Nd7 10. Qe2 Nc7 11. Bf4 Nf8 12. Rd1 Bd7 13. h4 Qc8 14. h5 Na6 15. Ng5 Qc7 16. Nge4 O-O-O 17. O-O h6 18. Nb5 Bxb5 19. cxb5 Nb8 20. b4 Nbd7 21. Rc1 b6 22. Nd6+ Bxd6 23. exd6 Qb8 24. bxc5 1-0

[Event "35. DSenEM 65+"]
[Site "Bad Wildungen"]
[Date "2023.07.17"]
[Round "1.23"]
[White "Prause, Dieter"]
[Black "Rosen, Willy"]
[Result "0-1"]
[WhiteElo "1779"]
[BlackElo "2100"]
[PlyCount "54"]
[EventDate "2023.??.??"]
[WhiteTeam "Schachklub Delbrueck"]
[BlackTeam "Schachfreunde Essen-Katernberg"]

1. Nf3 c5 2. c4 Nc6 3. g3 e5 4. Nc3 d6 5. Bg2 g6 6. d3 Bg7 7. O-O Nge7 8. Bg5 h6 9. Bd2 O-O 10. Qc1 Kh7 11. a4 f5 12. e4 Na5 13. Qc2 f4 14. Nd5 Nxd5 15. cxd5 g5 16. b4 cxb4 17. Bxb4 b6 18. Rfc1 Bg4 19. Nd2 Rc8 20. Qxc8 Bxc8 21. Bxa5 bxa5 22. Rab1 g4 23. Rc6 fxg3 24. fxg3 Qg5 25. Nc4 Bd7 26. Rxd6 Bxa4 27. Rb7 Qc1+ 0-1

[Event "35. DSenEM 65+"]
[Site "Bad Wildungen"]
[Date "2023.07.17"]
[Round "1.24"]
[White "Schmid, Wolfgang"]
[Black "Wolter, Guenter"]
[Result "1-0"]
[WhiteElo "2100"]
[BlackElo "1775"]
[PlyCount "21"]
[EventDate "2023.??.??"]
[WhiteTeam "Stuttgarter SF 1879"]
[BlackTeam "TSG Neustrelitz"]

1. e4 d5 2. exd5 Nf6 3. Nc3 Nxd5 4. Bc4 Nxc3 5. bxc3 e6 6. Nf3 Bd6 7. d4 O-O 8. O-O Nd7 9. Bd3 h6 10. Qe2 b6 11. Qe4 1-0

[Event "35. DSenEM 65+"]
[Site "Bad Wildungen"]
[Date "2023.07.17"]
[Round "1.25"]
[White "Kramell, Ralph Friedrich Kurt"]
[Black "Heinemann, Ernst"]
[Result "0-1"]
[WhiteElo "1765"]
[BlackElo "2100"]
[PlyCount "46"]
[EventDate "2023.??.??"]
[WhiteTeam "SG 2011 Sennewitz e.V."]
[BlackTeam "SK Union Oldenburg"]

1. Nc3 g6 2. e4 c6 3. Bc4 b5 4. Bb3 b4 5. Nce2 Bg7 6. c3 bxc3 7. dxc3 e6 8. Qd6 Qe7 9. Qxe7+ Nxe7 10. Nf3 Ba6 11. Be3 O-O 12. Bc5 Re8 13. Rd1 d5 14. Ng3 Nd7 15. Bd6 Nc8 16. Bc7 Ncb6 17. Bc2 Rec8 18. Bf4 Bc4 19. a3 a5 20. Bd3 Bxd3 21. Rxd3 Nc5 22. Re3 Nc4 23. Re2 Nd3+ 0-1